| 000 | 00772cab a2200229 4500 | ||
|---|---|---|---|
| 001 | WB3223-15 | ||
| 008 | 090401t1996 xxu||||| |||| 00| 0 eng d | ||
| 035 | _a(Sirsi) u27578 | ||
| 041 | _aeng | ||
| 245 | _aFloodplain conservation area proposed | ||
| 260 | _c1996 | ||
| 350 | _a0 | ||
| 490 |
_aDoE News Release _v(237) 6 June 1996, (3) |
||
| 520 | _aSoS Environment has announced public consultation on the recommendation of parts of the Kennet and Lambourn floodplain for designation as a Special Area for Conservation (SAC) under the Habitats Directive. | ||
| 650 | _aCONSULTATION PAPER | ||
| 650 | _aFLOODPLAINS | ||
| 650 | _aHABITATS DIRECTIVE | ||
| 650 | _aSPECIAL AREAS FOR CONSERVATION | ||
| 690 | _aCONSERVATION | ||
| 942 | _n0 | ||
| 948 | _c04/03/1997 | ||
| 999 |
_c18568 _d18568 |
||